Περιβαλλοντική αξιολόγηση της βιομηχανικής μονάδας «Φυτοενέργεια» για παραγωγή βιοντίζελ στο νομό Σερρών
Αποθηκεύτηκε σε:
| Κύριος συγγραφέας: | |
|---|---|
| Συγγραφή απο Οργανισμό/Αρχή: | |
| Άλλοι συγγραφείς: | |
| Μορφή: | Thesis Βιβλίο |
| Γλώσσα: | Greek |
| Δημοσίευση: |
2010
|
| Θέματα: | |
| Διαθέσιμο Online: | http://hdl.handle.net/11610/15330 |
| Ετικέτες: |
Προσθήκη ετικέτας
Δεν υπάρχουν, Καταχωρήστε ετικέτα πρώτοι!
|
MARC
| LEADER | 00000cam a2200000 i 4500 | ||
|---|---|---|---|
| 001 | 1/15301 | ||
| 008 | 111003s2010 gre d | ||
| 035 | |l 10110923 | ||
| 040 | |a GR-MY-UA |b gre |e aacr | ||
| 041 | 0 | |a gre | |
| 082 | 0 | |a 662.88 |2 (22) | |
| 100 | 1 | |a Φενέρη, Μαρία. | |
| 245 | 1 | 0 | |a Περιβαλλοντική αξιολόγηση της βιομηχανικής μονάδας «Φυτοενέργεια» για παραγωγή βιοντίζελ στο νομό Σερρών / |c Μαρία Φανέρη ; υπεύθυνος καθηγητής: Δαναλάτος Νικόλαος |
| 260 | |c 2010 | ||
| 300 | |a 76 σ.; |b εικ.; |c 30 εκ. | ||
| 500 | |a Βιβλιογραφία: σ. 58-64 | ||
| 502 | |a Διατριβή (μεταπτυχιακή) – Πανεπιστήμιο Αιγαίου, Λέσβος, 2010. | ||
| 650 | 0 | 0 | |a Energy crops. |
| 650 | 0 | |a Biomass energy |z Greece |z Serrai (Nome) | |
| 650 | 0 | 0 | |a Biodiesel fuels. |
| 650 | 0 | 0 | |a Biodiesel fuels industries. |
| 650 | 0 | 0 | |a Vegetable oils as fuel. |
| 650 | 0 | 0 | |a Oilseed plants. |
| 650 | 0 | |a Agriculture and energy |z Greece |z Serrai (Nome) | |
| 650 | 0 | 0 | |a Dissertations, Academic |z Greece. |
| 700 | 1 | |a Δαναλάτος, Νίκος. |4 ths | |
| 710 | 2 | |a Πανεπιστήμιο Αιγαίου |b Σχολή Περιβάλλοντος |b Τμήμα Περιβάλλοντος |b Πρόγραμμα Μεταπτυχιακών Σπουδών Γεωργία και Περιβάλλον. | |
| 852 | |a INST |b LESVOS |c DIATR |e 20111003 |h 345 |p 005100051471 |q 005100051471 |t MTXE |y 23 | ||
| 852 | |a INST |b LESVOS |c DIATR |e 20111003 |h 346 |p 005100051472 |q 005100051472 |t MTXE |y 23 | ||
| 856 | |u http://hdl.handle.net/11610/15330 | ||
| 901 | |a BIBL1-2011-3 | ||
| 909 | |a Λ |b 171683 | ||
| 909 | |a Λ |b 171684 | ||
| 924 | |a ΦΕΝΕΡΗ |b ΜΑΡΙΑ |y ΛΕΣΒΟΣ |z 2010-11 | ||
| 970 | |a ΤΖΑΦΕΡΗ |b ΕΥΑΓΓΕΛΙΑ |z 2011/10/02 | ||